| Поле | Инд. | ПП | Название | Значение |
|---|---|---|---|---|
| Тип записи | a | |||
| Библиографический уровень | m | |||
| 001 | Контрольный номер | RU/LIBMSTU/285338690 | ||
| 005 | Дата корректировки | 20160127104209.0 | ||
| 008 | Кодируемые данные | 090123|||||||||ru |||||||||||000|||rus|| | ||
| 020 | a | ISBN | 978-5-16-003063-0 | |
| c | Цена, тираж | 195-00 | ||
| 040 | b | Код языка каталог. | rus | |
| 041 | a | Код языка текста | rus | |
| 084 | a | Индекс другой классификации/Индекс ББК | 65.240 | |
| 090 | a | Полочн. индекс | 65.24 | |
| x | Авторский знак | О-76 | ||
| 100 | 1_ | a | Автор | Остапенко Ю. М. |
| 245 | 10 | a | Заглавие | Экономика труда |
| b | Продолж. заглавия | учеб. пособие для вузов | ||
| c | Ответственность | Гос. ун-т упр. | ||
| 250 | a | Основные сведения об издании | 2-е изд., перераб. и доп. | |
| 260 | a | Место издания | Москва | |
| b | Издательство | Инфра-М | ||
| c | Дата издания | 2009 | ||
| 300 | a | Объем | 270, [1] с. | |
| 440 | a | Серия | Высшее образование | |
| 504 | a | Библиография | Библиогр.: с. 265-267 | |
| 650 | a | Основная рубрика | Труд-Экономика-Учебные издания для высших учебных заведений | |
| 653 | a | Ключевые слова | Аудит | |
| a | Ключевые слова | Занятость населения | ||
| a | Ключевые слова | Оплата труда | ||
| a | Ключевые слова | Планирование | ||
| a | Ключевые слова | Производительность труда | ||
| a | Ключевые слова | Защита социальная | ||
| a | Ключевые слова | Социально-трудовые отношения | ||
| a | Ключевые слова | Труд | ||
| a | Ключевые слова | Экономика труда | ||
| 901 | t | Тип документа | m | |
| 952 | b | Гриф литературы для ВШ | Допущено МОиН РФ | |
| c | Вид литературы | учебное пособие |